Statistiques concernant Séries commençant par la lettre A

Cliquez ici pour prendre le quiz!

Statistiques générales

  • Ce quiz a été pris 179 fois
  • Le résultat moyen est 4 sur 10

Statistiques - réponses

Réponse% Correct
Alerte à Malibu
86%
Arrow
77%
American Dad
66%
Avatar : le dernier maître de l’air
48%
Anne with an e
39%
Agent K.C
36%
Ally Mcbeal
15%
Alias
14%
Amour, Gloire et Beauté
11%
Aïcha
4%

Distribution des résultats

Percentile par nombre de réponses

% des personnes avec chaque résultat

Votre développement - résultats

Vous n’avez pas pris ce quiz